Valtiot joissa Tintti on käynyt - Statistics

Yleistilastot
  • Tätä visaa on pelattu 48 kertaa
    27 viimeisimmän päivityksen jälkeen
  • Keskiarvotulos 20 / 36
Vastaustilastot
Manner Valtio % Oikein
Aasia Kiina
95%
Afrikka Egypti
90%
Aasia Intia
90%
Eurooppa Venäjä (Neuvostoliitto)
90%
Amerikka Yhdysvallat
90%
Eurooppa Belgia
86%
Eurooppa Italia
81%
Eurooppa Ranska
81%
Eurooppa Espanja
76%
Eurooppa Saksa
76%
Eurooppa Yhdistynyt Kuningaskunta
76%
Oseania Australia
71%
Eurooppa Sveitsi
67%
Eurooppa Islanti
62%
Eurooppa Portugali
62%
Eurooppa Puola
62%
Eurooppa Valko-Venäjä (Neuvostoliitto)
57%
Afrikka Algeria
52%
Aasia Israel
52%
Afrikka Marokko
52%
Amerikka Peru
52%
Aasia Saudi-Arabia
52%
Eurooppa Tšekki (Tšekkoslovakia)
52%
Aasia Indonesia
48%
Aasia Nepal
48%
Eurooppa Serbia (Jugoslavia)
43%
Afrikka Libya
38%
Afrikka Tunisia
38%
Afrikka Kongon Demokraattinen Tasavalta
33%
Amerikka Jamaika
29%
Aasia Singapore
29%
Eurooppa Malta
24%
Amerikka Dominikaaninen Tasavalta
14%
Aasia Jemen
14%
Aasia Libanon
14%
Aasia Sri Lanka
5%
Ehtoja vastaavia visoja ei löytynyt
Tulosjakauma
Jokaisen tuloksen saaneiden osuus
Persentiili vastausten määrän mukaan
Tuloshistoriasi
Et ole pelannut tätä visaa sen viimeisimmän päivityksen jälkeen